| 000 | 00882cam a2200241 i 4500 | ||
|---|---|---|---|
| 003 | SA-RiAUC | ||
| 005 | 20250821040702.0 | ||
| 008 | 250819s2006 ua g 000r0 ara c | ||
| 040 |
_aSA-JeALM _bara _cSA-RiAUC _erda |
||
| 082 | 0 | 4 | _a214.78 |
| 090 |
_a214.78 _bهـ و ا |
||
| 100 | 1 |
_aالهواري، حسن محمد _eمؤلف. |
|
| 245 | 1 | 0 |
_aأحكام الغناء في الشريعة الإسلامية / _cحسن أحمد الهواري. |
| 250 | _aالطبعة الأولى. | ||
| 264 | 1 |
_aالقاهرة : _bدار الرضا للنشر والتوزيع، _c2006. |
|
| 300 |
_a128 صفحة ؛ _c24 سم. |
||
| 336 |
_aنص _btxt _2rdacontent _3كتاب |
||
| 337 |
_aبدون وسيط _bn _2rdamedia |
||
| 338 |
_aمجلد _bnc _2rdacarrier |
||
| 650 | 7 |
_aالغناء (فقه إسلامي) _2aucsh |
|
| 942 |
_2ddc _cBOOK _n0 |
||
| 949 |
_aSA-JeALM _d250819 _uosman123 _n1 |
||
| 999 |
_c10981 _d10981 |
||